000 01133nam a2200325 i 4500
003 EG-GICUC
005 20260430110116.0
008 260430s1898 -uk |||fr|||| 00| 0 eng d
040 _aEG-GiCUC
_beng
_cEG-GiCUC
_dEG-GiCUC
_erda
082 0 4 _221
_a434.425
_bFI . L
092 0 4 _221
099 _aLaw1 10 343.425 FI . L 1898
100 1 _aFisher, Joseph R
_eAuthor.
245 1 4 _aThe Law of the Press :
_bA Digest of the Law Affecting Newspapers in England, India, and the Colonies With a Chapter on Foreign Press Codes /
_cBy Joseph R. Fisher, J. Andrew Strahan.
250 _aSecond Edition
264 1 _aLondon :
_bWilliam Clowes and Sons,
_c1898.
300 _aIv - Xx, 419 pages ;
_c24 cm.
336 _2rda content
_atext
337 _2rda media
_aComputer
338 _2rda carrier
_aOnline Resource
500 _aIndex
546 _aText in English
650 1 _aLégislation Sur La Presse
_2qrmak
650 1 _aDroit De Pénal
_2qrmak
651 1 _2qrmak
700 1 _aStrahan, J. Andrew
_eAuthor.
856 4 0 _uhttps://fll.law.cu.edu.eg/fulltext/bks/B10-11296.pdf
905 _a54
942 _2ddc
_cBK
_e21
_n0
999 _c74435
_d74435